000 00806cam a22002411 4500
001 2716
005 20240111135050.0
020 _a9780736896184
040 _aDLC
_cMiEM
_dMiEM
_dDLC
_beng
050 0 0 _aQB637.H3518
082 _a508.2
100 _aHall, Margaret
245 1 4 _aThe seasons of the year /
_cby Margaret Hall
250 _aPrinted in the United States of America
260 _aNorth Mankato :
_bCapstone Press ,
_c2007
300 _a24 pages :
_bcolor illustrations ;
_c24 cm.
505 _aI
520 _aSimple text and photographs present an introduction to why the seasons change and how seasons are a recurring pattern in nature.
521 _a460
_bLexile
521 _aI
_bRaz-Plus
906 _a7
_bcbc
_coclcrpl
_du
_encip
_f19
_gy-gencatlg
942 _2ddc
_cBK
_n0
999 _c2716
_d2716